000 00434nam a22001697a 4500
003 NUST - PNEC
005 20170116181005.0
008 150912b xxu||||| |||| 00| 0 eng d
020 _a9695030467
040 _cLIBRARY
082 _a891.4391 IQB
100 _99752
_aIqbal, Allama Mohammad
245 _aBang-e-Dara
_cAllama Mohammad Iqbal
260 _cc.2012
650 _99755
_aUrdu Literature
_xGeneral book
942 _2ddc
_cBK
999 _c66852
_d66852